| 000 | 01052cam a22003017a 4500 | ||
|---|---|---|---|
| 003 | CHAP | ||
| 005 | 20220329141355.0 | ||
| 008 | 971013s1989 r 00010 d | ||
| 010 | _a67208 | ||
| 011 | _a68180 | ||
| 035 | _a77652 | ||
| 040 | _cCHAP | ||
| 082 |
_a600.972 _bB3 |
||
| 100 | 0 | 0 |
_aBallesteros, Carlos. _99735 |
| 245 | 1 | 3 |
_aLa promoción estatal de la tecnología _b: problematización de la política tecnológica de México en la década de los ochenta |
| 260 |
_aMéxico : _bUNAM. Facultad de Ciencias Políticas y Sociales, _c1989 |
||
| 300 |
_a77 p. _b: gráfs. |
||
| 590 |
_aBATCH-UPD _b10 _c20130110 _lUCH01 _h1102 |
||
| 590 |
_aBATCH-UPD _b10 _c20130410 _lUCH01 _h0655 |
||
| 590 |
_aBATCH-UPD _b10 _c20130914 _lUCH01 _h2043 |
||
| 590 |
_aCONVERSION _b10 _c20130109 _lUCH01 _h1337 |
||
| 650 | 1 | 4 |
_aTecnología y Estado. _9111967 |
| 650 | 1 | 4 |
_aTecnología _zMéxico. _9111958 |
| 650 | 1 | 4 |
_aTransferencia de tecnología. _9114619 |
| 901 | _aBK | ||
| 942 | _cLIBRO | ||
| 949 |
_a600.972 B3 _bBC _cLIBRO _d33724000011235 _eLIBRO _h75044 _i77652 _sb |
||
| 999 |
_c67208 _d67208 |
||